| 000 | 01248nam a2200301 c 4500 | ||
|---|---|---|---|
| 003 | BLK | ||
| 005 | 20180420214409.0 | ||
| 008 | 180412b bul|||||r ||||||| ||bul|| | ||
| 010 | _aKNG00010551000 | ||
| 020 |
_a954-437-036-6 _bиздат.: Златорогь |
||
| 040 | _aBLK | ||
| 041 |
_aBUL _cBUL |
||
| 080 |
_aАмериканска литература (на САЩ) _b821.111(73) _x-31 _z821.111(73)-31 |
||
| 100 | 1 |
_aЕндрюс, Вирджиния С. _eпърви автор _9252636 |
|
| 700 | 1 |
_aФилипова, Филипина _eпрев. от англ. _9254137 |
|
| 139 |
_aЕндрюс, Вирджиния С. _bЕ 63 |
||
| 245 | 1 | 0 |
_aЛабиринт от тайни _bРоман _cВирджиния С. Ендрюс; прев. от англ. Филипина Филипова. |
| 257 | _aUSA | ||
| 260 |
_аСофия _bЗлаторогь _c1995 |
||
| 300 |
_a352 с. _c20 см |
||
| 380 | _aX | ||
| 500 | _aОриг. загл. If There be thorns / V. C. Andrews. - Кн. е продълж. на романа Разпилени от вятъра от същия авт. | ||
| 852 | _aЦб 184836 | ||
| 856 | 4 |
_qpdf _u |
|
| 856 | 4 |
_qpdf _u |
|
| 942 |
_cKNG _n0 |
||
| 944 |
_aCR _c15.01.2003 _kГеновева_Генчева |
||
| 944 |
_aED _c31.01.2011 _k |
||
| 999 |
_c9144 _d9144 |
||